Párnické noviny štvrťročník obce Párnica

Bibliographic Details
Format: Newspaper
Language:Slovak
PhysicalDescription:zv. 30 cm
Published: Párnica Obecný úrad Párnica 2014-
ISSN:1339-5378
Subjects:

MARC

LEADER 00000cas a2200000 a 4500
001 vtls010662956
003 SK-MaSNL
005 20260228162008.0
008 150324c20149999xo qr|n 0 b0slo
022 |a 1339-5378 
040 |a SNK  |b slo  |c SNK  |e AACR2 
041 0 |a slo 
043 |a e-xo--- 
044 |a xo  |c SK 
072 7 |a 352/354  |x Stupne miestnej, oblastnej a ústrednej správy  |2 konspekt 
072 7 |a 394  |x Verejný a spoločenský život. Každodenný život  |2 konspekt 
072 7 |a 316.7  |x Sociológia kultúry. Kultúrny život  |2 konspekt 
080 |a 352  |2 2011 
080 |a 050  |2 2011 
080 |a 394  |2 2011 
080 |a 316.728  |2 2011 
080 |a (051)+(054)  |2 2011 
080 |a 437.6  |2 2011 
210 0 |a Párnické nov. 
222 0 |a Párnické noviny 
245 0 0 |a Párnické noviny  |b štvrťročník obce Párnica 
260 |a Párnica  |b Obecný úrad Párnica  |c 2014- 
300 |a zv.  |c 30 cm 
310 |a 2x ročne  |b 2020- 
321 |a 4x ročne  |b 2018 
321 |a 3x ročne  |b 214-2017, 2019 
362 |a Roč. 1, č. 1 (19. febr. 2014)- 
500 |a Reg. číslo MK SR: EV 4916/14 
500 |a Od č. 2 (2018) podnázov: občasník obce Párnica 
500 |a V r. 2018-1/2020 rozmer zv. 32 cm 
515 |a V č. 1, 2/2016 uvedený roč. 2 
650 0 7 |a miestna správa  |2 SNKPH  |9 29496 
650 0 7 |a spoločenský život  |2 SNKPH  |9 28654 
651 7 |a Párnica (Slovensko)  |2 SNKPHgeo  |9 60194 
655 7 |a miestne periodiká  |2 SNKPH  |9 160938 
710 1 |a Párnica (Slovensko).  |b Obecný úrad  |4 pbl  |9 181717 
910 |a snk 
999 |c 6375  |d 8305 
952 |0 0  |1 0  |4 0  |7 0  |8 0  |a SNK  |b SNK  |d 2021-06-07  |i snk2021/6371  |l 0  |o snkČSB 6928/5/2018  |p 17A1434389  |r 2026-02-21 21:39:26  |t č. 1-4  |w 2026-02-21  |y PREZ 
952 |0 0  |1 0  |4 0  |7 0  |8 0  |a SNK  |b SNK  |d 2021-06-07  |i snk2021/6374  |l 0  |o snkČSB 6928/6/2019  |p 17A1434388  |r 2026-02-21 21:39:27  |t č. 1-3  |w 2026-02-21  |y PREZ 
952 |0 0  |1 0  |4 0  |7 0  |8 0  |a SNK  |b SNK  |d 2021-06-07  |i snk2021/6376  |l 0  |o snkČSB 6928/7/2020  |p 17A1434387  |r 2026-02-21 21:39:27  |t č. 1-2  |w 2026-02-21  |y PREZ  |z Č. 2 rozmer zv. 30 cm 
952 |0 0  |1 0  |3 Spoločne zviazané r. 2014-2017 ;   |4 0  |7 0  |8 0  |a SNK  |b SNK  |d 2019-01-18  |i snk2019/1414  |l 0  |o snkČSB 6928/1/2014  |p 17A1342242  |r 2026-02-21 22:21:01  |t č. 1-3 + špeciál  |w 2026-02-21  |y PREZ  |z Obsahuje špeciál k festivalu Párnickô švábkobraňá 2014. ; Spoločne zviazané r. 2014-2017 ; ;  
952 |0 0  |1 0  |3 Spoločne zviazané r. 2014-2017 ;   |4 0  |7 0  |8 0  |a SNK  |b SNK  |d 2019-01-18  |i snk2019/1414  |l 0  |o snkČSB 6928/2/2015  |p 17A1342243  |r 2026-02-21 22:21:01  |t č. 1-3  |w 2026-02-21  |y PREZ  |z Spoločne zviazané r. 2014-2017 ;  
952 |0 0  |1 0  |3 Spoločne zviazané r. 2014-2017 ;   |4 0  |7 0  |8 0  |a SNK  |b SNK  |d 2019-01-18  |i snk2019/1414  |l 0  |o snkČSB 6928/2[3]/2016  |p 17A1342244  |r 2026-02-21 22:21:01  |t č. 1-3  |w 2026-02-21  |y PREZ  |z V č. 1, 2 uvedený roč 2. ; Spoločne zviazané r. 2014-2017 ;  
952 |0 0  |1 0  |3 Spoločne zviazané r. 2014-2017 ;   |4 0  |7 0  |8 0  |a SNK  |b SNK  |d 2019-01-18  |i snk2019/1414  |l 0  |o snkČSB 6928/4/2017  |p 17A1342245  |r 2026-02-21 22:21:04  |t č. 1-3  |w 2026-02-21  |y PREZ  |z Spoločne zviazané r. 2014-2017 ;